Trabajo de campo : diarios, relatos y otras elaboraciones etnográficas /

Bibliographic Details
Other Authors: Monroy Álvarez, Silvia (Editor), Rojas Martínez, Alex (Editor)
Format: Electronic eBook
Language:Spanish
Published: Popayán, Colombia : Editorial Universidad del Cauca, 2024.
Edition:Primera edición en español.
Subjects:
Online Access:Digitalia Hispánica

MARC

LEADER 00000nam a2200000Ii 4500
001 DIGUCAUCA0201
003 NyNyDIG
006 m o d
007 cr |||||||||||
008 250818s2024 ck a ob 001 0 spa d
035 |a (OCoLC)1534296485 
040 |a DGITA  |b eng  |e rda  |e pn  |c DGITA 
020 |a 9789587327250  |q digital 
020 |z 9789587327243 
050 1 4 |a GN301 ebook 
245 0 0 |a Trabajo de campo :  |b diarios, relatos y otras elaboraciones etnográficas /  |c Silvia Monroy, Alex Rojas (editores). 
250 |a Primera edición en español. 
264 1 |a Popayán, Colombia :  |b Editorial Universidad del Cauca,  |c 2024. 
300 |a 1 online resource :  |b illustrations. 
336 |a text  |b txt  |2 rdacontent 
337 |a computer  |b c  |2 rdamedia 
338 |a online resource  |b cr  |2 rdacarrier 
347 |a text file  |2 rdaft  
347 |b PDF 
504 |a Includes bibliographical references and index. 
588 0 |a Online resource; title from PDF title page (Digitalia, viewed August 18, 2025) 
650 0 |a Ethnology. 
650 0 |a Anthropology. 
650 0 |a Fieldwork (Educational method) 
700 1 |a Monroy Álvarez, Silvia,  |e editor. 
700 1 |a Rojas Martínez, Alex,  |e editor. 
776 0 8 |i Print version:  |t Trabajo de campo.  |b Primera edición en español.  |d Popayán, Colombia : Editorial Universidad del Cauca, 2024  |z 9789587327243 
791 2 |a Digitalia (Firm),  |e distributor. 
793 0 |g Digitalia eBook Collection:  |a Editorial Universidad del Cauca 
856 4 0 |3 Digitalia Hispánica  |u https://www.digitaliapublishing.com/a/175763/ 
910 |a Premium collection: 2025